00547nam a2200205 a 4500001001300000003000900013005001700022008004100039020002200080082001600102100002000118245003000138260003500168300000900203500003500212505003400247650001600281650002400297700002000321nice12345678IN_TiNIC20260116013723.0050524s1981 newa grp 000 0 eng  a8171511 c9500a340.59bMUH aMuhammedullah,  aMuslim Law of Inheritence aNew DelhibKitab Bhavan c1981 a238p aincludes index and biblioraphy2 aAppendix, Bibliography, Index aIslamic-Law aMuslim Personal Law1 aMuhammedullah,